Statistics for Most Christian nations

Click here to take the quiz!

General Stats

  • This quiz has been taken 10 times
  • The average score is 29 of 46

Answer Stats

%Answer% Correct
95.1%Mexico
90%
93.8%Portugal
90%
94.3%Poland
90%
94.5%Saint Kitts and Nevis
90%
91.6%San Marino
90%
91.1%Saint Lucia
90%
92%Ireland
80%
92.5%Serbia
80%
93.0%Peru
80%
93.9%Bolivia
80%
97.0%Malta
80%
96.9%Paraguay
80%
90.9%Costa Rica
80%
93.0%Panama
80%
95.2%Guatemala
70%
94.1%Ecuador
70%
94.4%Dominica
70%
90.5%Angola
70%
95.9%Brazil
70%
99.5%Romania
70%
96.6%Grenada
70%
97.4%Moldova
60%
99.0%Tonga
60%
91.9%Liechtenstein
60%
97.5%Namibia
60%
93.0%Antigua and Barbuda
60%
93.3%Vanuatu
60%
93.4%Rwanda
60%
93.4%Croatia
60%
95%Iceland
60%
97.0%Kiribati
60%
96.0%Bahamas
60%
94.0%Seychelles
50%
95.2%Micronesia
50%
95.3%Barbados
50%
99.2%Papua New Guinea
50%
91.5%Burundi
50%
97.5%Marshall Islands
50%
97.6%Zambia
50%
97.4%Solomon Islands
50%
99.6%Timor-Leste
50%
99.8%Tuvalu
50%
98.5%Armenia
40%
95.8%DRC
40%
96.7%Lesotho
20%
96.8%Somoa
0%

Score Distribution

Percentile by Number Answered

Percent of People with Each Score

Your Score History

You have not taken this quiz